[Event "VIE-ch"]
[Site "Bac Giang"]
[Date "2016.06.22"]
[Round "2"]
[White "Tran, Ngoc Lan"]
[Black "Che, Quoc Huu"]
[Result "1/2-1/2"]
[WhiteElo "2254"]
[BlackElo "2022"]
[PlyCount "97"]
[EventDate "2016.06.22"]
[EventType "swiss"]
[EventRounds "9"]
[EventCountry "VIE"]
[SourceTitle "EXT 2017"]
[Source "ChessBase"]
[SourceDate "2016.10.25"]
[SourceVersion "1"]
[SourceVersionDate "2016.10.25"]
[SourceQuality "1"]

1. e4 c5 2. Nc3 e6 3. g3 Nc6 4. Bg2 g6 5. d3 Bg7 6. Be3 d6 7. f4 Nge7 8. Nf3 b6 9. 0-0 0-0 10. d4 Ba6 11. Rf2 Rc8 12. dxc5 dxc5 13. Rd2 Qc7 14. Rd7 Qb8 15. Qe1 Rfd8 16. Rad1 Rxd7 17. Rxd7 Rd8 18. Rxd8+ Qxd8 19. e5 Nb4 20. Qc1 Nf5 21. Bf2 h5 22. a3 Nc6 23. Qd1 Qxd1+ 24. Nxd1 Ncd4 25. Nxd4 Nxd4 26. Bxd4 cxd4 27. Nf2 g5 28. Ne4 gxf4 29. gxf4 Bh6 30. Nf6+ Kf8 31. Nh7+ Ke7 32. Ng5 f6 33. exf6+ Kxf6 34. h4 Kf5 35. Kf2 Kxf4 36. Nxe6+ Kg4 37. Nxd4 Bc1 38. Bc6 Bxb2 39. Bd7+ Kf4 40. Nb5 Bb7 41. Nxa7 Bxa3 42. Bc6 Bc5+ 43. Ke2 Ba6+ 44. Bb5 Bxb5+ 45. Nxb5 Kg3 46. Kf1 Kxh4 47. Kg2 Kg4 48. Nc7 h4 49. c4 1/2-1/2

[Event "ASEAN-ch U20 17th"]
[Site "Dusit Thani"]
[Date "2016.05.30"]
[Round "1.2"]
[White "Che, Quoc Huu"]
[Black "Ding, Tze How Dilwen"]
[Result "1-0"]
[WhiteElo "2022"]
[BlackElo "2429"]
[PlyCount "57"]
[EventDate "2016.05.30"]
[EventType "swiss"]
[EventRounds "9"]
[EventCountry "THA"]
[SourceTitle "EXT 2024"]
[Source "ChessBase"]
[SourceDate "2023.10.10"]
[SourceVersion "1"]
[SourceVersionDate "2023.10.10"]
[SourceQuality "1"]

1. e4 c5 2. Nf3 e6 3. c4 Nc6 4. Nc3 Qb6 5. Be2 Nf6 6. d3 Be7 7. 0-0 0-0 8. Rb1 a6 9. h3 Rd8 10. Bg5 h6 11. Bh4 d6 12. a3 Bd7 13. Qd2 Nd4 14. b4 Nxf3+ 15. Bxf3 cxb4 16. Rxb4 Qc7 17. e5 dxe5 18. Rxb7 Qc5 19. Bxf6 Bxf6 20. Rxd7 Rxd7 21. Bxa8 Qxa3 22. Be4 Bg5 23. Qc2 f5 24. Bf3 e4 25. dxe4 Rd2 26. Qa4 Qxc3 27. Qe8+ Kh7 28. Bh5 Qf6 29. e5 1-0

[Event "Ho Chi Minh City HD Bank op-B 6th"]
[Site "Ho Chi Minh City"]
[Date "2016.03.13"]
[Round "9"]
[White "Gaticales, Martin"]
[Black "Che, Quoc Huu"]
[Result "0-1"]
[WhiteElo "1870"]
[BlackElo "2020"]
[PlyCount "138"]
[EventDate "2016.03.08"]
[EventType "swiss"]
[EventRounds "9"]
[EventCountry "VIE"]
[SourceTitle "CBM 171 Extra"]
[Source "ChessBase"]
[SourceDate "2016.04.26"]
[SourceVersion "1"]
[SourceVersionDate "2016.04.26"]
[SourceQuality "1"]

1. e4 c5 2. Nf3 d6 3. d4 cxd4 4. Qxd4 Nc6 5. Qe3 e5 6. c4 Bg4 7. Nc3 g6 8. Be2 Bh6 9. Qd3 Bxc1 10. Rxc1 Bxf3 11. Bxf3 Nd4 12. 0-0 Ne7 13. Rfd1 a6 14. g3 0-0 15. Bg2 Qa5 16. Qe3 Rac8 17. b3 b5 18. Bf1 b4 19. Na4 Rc6 20. Bg2 Nc8 21. h4 Nb6 22. Nxb6 Rxb6 23. Qd2 Qc5 24. Qe3 a5 25. h5 a4 26. Rb1 Ra6 27. Rd2 axb3 28. axb3 Ra3 29. Rdb2 Kg7 30. h6+ Kg8 31. Bh3 Rfa8 32. Kg2 f6 33. Bg4 Ra2 34. Qe1 Rxb2 35. Rxb2 Ra3 36. Bd1 Ra1 37. Qd2 Qa5 38. Be2 Kf7 39. g4 g5 40. c5 dxc5 41. Bc4+ Ke8 42. Qd3 Rc1 43. Rb1 Rc2 44. Qf1 Qa8 45. Bd5 Qc8 46. Qd1 Ra2 47. Bg8 Qb7 48. Bd5 Qd7 49. Kg3 Ne2+ 50. Kf3 Nc3 51. Qh1 Nxb1 52. Qxb1 Qa7 53. Qf1 Qa6 54. Bc4 Qd6 55. Bd5 Qd7 56. Qc4 Ra3 57. Kg3 Kd8 58. Qe2 Ra1 59. Kg2 Kc7 60. Qf3 Rc1 61. Qe2 Rc3 62. f3 Kb6 63. Bc4 Qd4 64. Ba6 Kc7 65. Qa2 Kb8 66. Be2 Rc1 67. Bf1 Qa1 68. Qe2 Kc7 69. Qb5 Rc2+ 0-1

[Event "Ho Chi Minh City HD Bank op-B 6th"]
[Site "Ho Chi Minh City"]
[Date "2016.03.10"]
[Round "4"]
[White "Che, Quoc Huu"]
[Black "Nguyen, Hoang Dang Huy"]
[Result "1-0"]
[WhiteElo "2020"]
[BlackElo "1670"]
[PlyCount "105"]
[EventDate "2016.03.08"]
[EventType "swiss"]
[EventRounds "9"]
[EventCountry "VIE"]
[SourceTitle "CBM 171 Extra"]
[Source "ChessBase"]
[SourceDate "2016.04.26"]
[SourceVersion "1"]
[SourceVersionDate "2016.04.26"]
[SourceQuality "1"]

1. e4 e5 2. Nf3 Nc6 3. Nc3 Nf6 4. d4 exd4 5. Nxd4 Bb4 6. Nxc6 bxc6 7. Bd3 d5 8. exd5 cxd5 9. 0-0 0-0 10. Bg5 c6 11. Qf3 Be7 12. h3 h6 13. Bf4 Bd6 14. Ne2 Be6 15. Rad1 Bxf4 16. Nxf4 Qb6 17. b3 Rfe8 18. Rfe1 Bd7 19. a4 Rad8 20. Nh5 Nxh5 21. Qxh5 Qb4 22. Re3 Rxe3 23. fxe3 Qe7 24. Qf3 Re8 25. e4 d4 26. Rf1 Be6 27. Qf4 Qg5 28. Qc7 Re7 29. Qb8+ Kh7 30. Rf3 g6 31. Rg3 Qf6 32. Qd6 Rd7 33. Qxc6 Qe5 34. Rf3 Qd6 35. Qxd6 Rxd6 36. Kf2 Kg7 37. Ke2 Kf8 38. Bb5 Bd7 39. Bc4 Be6 40. Bxe6 Rxe6 41. Kd3 Rd6 42. e5 Rd8 43. Rf4 Rd5 44. Ke4 Rc5 45. Rf2 Ke7 46. Kxd4 Rc7 47. c4 Rd7+ 48. Ke4 Rd1 49. Rc2 Re1+ 50. Kd5 Kd7 51. b4 a6 52. b5 Ra1 53. c5 1-0

[Event "Ho Chi Minh City HD Bank op-B 6th"]
[Site "Ho Chi Minh City"]
[Date "2016.03.08"]
[Round "1"]
[White "Doan, Phan Khiem"]
[Black "Che, Quoc Huu"]
[Result "0-1"]
[WhiteElo "1467"]
[BlackElo "2020"]
[PlyCount "80"]
[EventDate "2016.03.08"]
[EventType "swiss"]
[EventRounds "9"]
[EventCountry "VIE"]
[SourceTitle "CBM 171 Extra"]
[Source "ChessBase"]
[SourceDate "2016.04.26"]
[SourceVersion "1"]
[SourceVersionDate "2016.04.26"]
[SourceQuality "1"]

1. e4 c5 2. Nf3 d6 3. d4 cxd4 4. Nxd4 Nf6 5. Nc3 a6 6. Be3 e6 7. Be2 Qc7 8. 0-0 b5 9. a3 Bb7 10. f3 Be7 11. Qe1 0-0 12. Qg3 Re8 13. Rad1 Nbd7 14. Rfe1 Ne5 15. Kh1 Nc4 16. Bc1 Nxa3 17. Ncxb5 Nxb5 18. Bxb5 axb5 19. Nxb5 Qxc2 20. Bh6 Nh5 21. Qg4 Qc5 22. Nc3 g6 23. Ne2 e5 24. Rc1 Bc8 25. Rxc5 dxc5 26. Qxh5 gxh5 27. Ng3 Bh4 28. Nxh5 Re6 29. Rd1 Rxh6 30. g4 Rxh5 31. gxh5 Bh3 32. Rg1+ Kf8 33. Rd1 Ra2 34. Rb1 c4 35. Kg1 h6 36. Kh1 Bf2 37. f4 exf4 38. e5 f3 39. Rg1 Ra1 40. Rxa1 Bg2# 0-1

[Event "VIE-ch Resolution 7th"]
[Site "Bac Giang"]
[Date "2014.12.09"]
[Round "4"]
[White "Hoang, Van Ngoc"]
[Black "Che, Quoc Huu"]
[Result "1/2-1/2"]
[WhiteElo "2204"]
[BlackElo "2007"]
[PlyCount "96"]
[EventDate "2014.12.05"]
[EventType "swiss"]
[EventRounds "9"]
[EventCountry "VIE"]
[SourceTitle "EXT 2016"]
[Source "ChessBase"]
[SourceDate "2015.10.08"]
[SourceVersion "1"]
[SourceVersionDate "2015.10.08"]
[SourceQuality "1"]

1. d4 d5 2. c4 c6 3. Nc3 Nf6 4. Nf3 dxc4 5. a4 Bf5 6. Ne5 Nbd7 7. Nxc4 Qc7 8. g3 e5 9. dxe5 Nxe5 10. Bf4 Nfd7 11. Ne3 Be6 12. Bg2 f6 13. 0-0 g5 14. Bxe5 Qxe5 15. Qc2 Nc5 16. b4 Nb3 17. Rad1 Bxb4 18. Ncd5 Nd4 19. Rxd4 Qxd4 20. Nc7+ Kf7 21. Nxa8 Qd8 22. Qb2 a5 23. Nc2 Qxa8 24. Nxb4 axb4 25. Qxb4 Rd8 26. Bf3 Rd7 27. h4 h6 28. Bh5+ Kg8 29. Qe4 Bd5 30. Qg6+ Rg7 31. Qxf6 Qxa4 32. Bg6 Qb4 33. e4 Qf8 34. Qe5 Bc4 35. Rc1 Rxg6 36. Rxc4 gxh4 37. Rc3 Qg7 38. Qe8+ Kh7 39. Rd3 Qa1+ 40. Kg2 hxg3 41. Rd7+ Rg7 42. Rxg7+ Kxg7 43. Qe7+ Kg6 44. e5 gxf2 45. Qf6+ Kh7 46. Kxf2 Qd4+ 47. Kf3 Qd3+ 48. Kf2 Qd2+ 1/2-1/2

[Event "VIE-ch Resolution 7th"]
[Site "Bac Giang"]
[Date "2014.12.08"]
[Round "3"]
[White "Che, Quoc Huu"]
[Black "Nguyen, Van Thanh"]
[Result "1/2-1/2"]
[WhiteElo "2007"]
[BlackElo "2180"]
[PlyCount "102"]
[EventDate "2014.12.05"]
[EventType "swiss"]
[EventRounds "9"]
[EventCountry "VIE"]
[SourceTitle "EXT 2016"]
[Source "ChessBase"]
[SourceDate "2015.10.08"]
[SourceVersion "1"]
[SourceVersionDate "2015.10.08"]
[SourceQuality "1"]

1. e4 c5 2. Nf3 Nc6 3. d4 cxd4 4. Nxd4 g6 5. c4 Bg7 6. Be3 Nf6 7. f3 0-0 8. Nc3 d6 9. Be2 Bd7 10. 0-0 Nxd4 11. Bxd4 Bc6 12. Qe1 Nd7 13. Be3 a5 14. Qf2 a4 15. Rac1 Qa5 16. Qe1 Rfc8 17. Rc2 h5 18. Qd2 Kh7 19. Rfc1 Nc5 20. Nd5 Qxd2 21. Rxd2 Bxd5 22. cxd5 a3 23. bxa3 Rxa3 24. Bxc5 Rxc5 25. Rxc5 dxc5 26. Rc2 h4 27. g3 h3 28. f4 Bd4+ 29. Kf1 g5 30. fxg5 Kg6 31. Bg4 Kxg5 32. Bxh3 b5 33. Bd7 b4 34. Bb5 Kf6 35. Kg2 Ke5 36. Be8 f6 37. Bg6 Be3 38. h4 Kd4 39. h5 c4 40. Kh3 c3 41. Kg4 Ke5 42. Kf3 Rxa2 43. Rxa2 b3 44. d6 exd6 45. Ra5+ Bc5 46. h6 c2 47. Rxc5+ dxc5 48. h7 c1Q 49. h8Q Qf1+ 50. Ke3 Qg1+ 51. Kf3 Qf1+ 1/2-1/2

[Event "VIE-ch U20"]
[Site "Ho Chi Minh City"]
[Date "2014.07.17"]
[Round "7"]
[White "Che, Quoc Huu"]
[Black "Nguyen, Ha Phuong"]
[Result "1/2-1/2"]
[WhiteElo "2007"]
[BlackElo "2047"]
[PlyCount "91"]
[EventDate "2014.07.13"]
[EventType "swiss"]
[EventRounds "9"]
[EventCountry "VIE"]
[SourceTitle "EXT 2016"]
[Source "ChessBase"]
[SourceDate "2015.10.08"]
[SourceVersion "1"]
[SourceVersionDate "2015.10.08"]
[SourceQuality "1"]

1. e4 c5 2. Nf3 e6 3. d4 cxd4 4. Nxd4 Nc6 5. Nxc6 bxc6 6. Bd3 d5 7. 0-0 Nf6 8. e5 Nd7 9. Re1 f5 10. Nd2 Be7 11. Nf3 c5 12. Ng5 Bxg5 13. Qh5+ g6 14. Qxg5 Qxg5 15. Bxg5 Rb8 16. b3 Kf7 17. h4 h6 18. Bd2 Bb7 19. f3 Nb6 20. c3 Rbg8 21. Kf2 g5 22. hxg5 hxg5 23. Rh1 Nd7 24. Rxh8 Rxh8 25. Re1 Rg8 26. Bxf5 exf5 27. e6+ Ke7 28. exd7+ Kxd7 29. Re5 f4 30. g3 fxg3+ 31. Kxg3 Kd6 32. Rxg5 Rxg5+ 33. Bxg5 a6 34. Be3 Bc6 35. Kg4 a5 36. f4 d4 37. cxd4 cxd4 38. Bxd4 Bd5 39. Kg5 a4 40. bxa4 Bxa2 41. f5 Kc6 42. Bb2 Kd7 43. Kf6 Bc4 44. Ke5 Kc6 45. Kf6 Kd7 46. Bc3 1/2-1/2

[Event "VIE-ch U20"]
[Site "Ho Chi Minh City"]
[Date "2014.07.13"]
[Round "2"]
[White "Che, Quoc Huu"]
[Black "Nguyen, Tan Thinh"]
[Result "1/2-1/2"]
[WhiteElo "2007"]
[BlackElo "1990"]
[PlyCount "48"]
[EventDate "2014.07.13"]
[EventType "swiss"]
[EventRounds "9"]
[EventCountry "VIE"]
[SourceTitle "EXT 2016"]
[Source "ChessBase"]
[SourceDate "2015.10.08"]
[SourceVersion "1"]
[SourceVersionDate "2015.10.08"]
[SourceQuality "1"]

1. e4 c5 2. Nf3 Nc6 3. d4 cxd4 4. Nxd4 g6 5. c4 Bg7 6. Be3 Nf6 7. Nc3 d6 8. Be2 Bd7 9. 0-0 0-0 10. f3 a6 11. Rc1 Rc8 12. Qe1 Ne5 13. b3 Kh8 14. Qh4 Qa5 15. a4 Nc6 16. Rfd1 Rfe8 17. Nd5 Nxd5 18. Nxc6 bxc6 19. exd5 cxd5 20. Rxd5 Qb4 21. Bd1 Be6 22. Rd3 d5 23. Bd2 Qc5+ 24. Be3 Qb4 1/2-1/2

[Event "ASEAN-ch U18 15th"]
[Site "Taipa"]
[Date "2014.06.09"]
[Round "9"]
[White "Che, Quoc Huu"]
[Black "Kurniawan, Muhamad Agus"]
[Result "0-1"]
[WhiteElo "1990"]
[BlackElo "2045"]
[PlyCount "74"]
[EventDate "2014.06.04"]
[EventType "swiss"]
[EventRounds "9"]
[EventCountry "MAC"]
[SourceTitle "CBM 160 Extra"]
[Source "ChessBase"]
[SourceDate "2014.07.01"]
[SourceVersion "1"]
[SourceVersionDate "2014.07.01"]
[SourceQuality "1"]

1. e4 g6 2. d4 Bg7 3. c4 d6 4. Nc3 Nf6 5. f3 0-0 6. Be3 Nc6 7. Qd2 a6 8. g4 e5 9. Nge2 Bd7 10. h4 b5 11. d5 Na5 12. Ng3 Nxc4 13. Bxc4 bxc4 14. h5 Qe7 15. 0-0-0 Rfb8 16. Qh2 Be8 17. Qh4 Rb7 18. Rd2 Kf8 19. Rdh2 Rab8 20. hxg6 fxg6 21. Rf1 Bf7 22. Bg5 Ke8 23. Rc2 a5 24. Nge2 Kd7 25. Qh3 Ke8 26. f4 exf4 27. Rxf4 Qe5 28. Bh6 Nd7 29. Bxg7 Qxg7 30. Na4 Ne5 31. Kd2 Nd3 32. Rf1 Nxb2 33. Qa3 Qh6+ 34. Ke1 Nd3+ 35. Kd1 Qe3 36. Nec3 Nf2+ 37. Rfxf2 Rb1+ 0-1

[Event "ASEAN-ch U18 15th"]
[Site "Taipa"]
[Date "2014.06.06"]
[Round "4"]
[White "Tran, Tuan Minh"]
[Black "Che, Quoc Huu"]
[Result "1/2-1/2"]
[WhiteElo "2339"]
[BlackElo "1990"]
[PlyCount "100"]
[EventDate "2014.06.04"]
[EventType "swiss"]
[EventRounds "9"]
[EventCountry "MAC"]
[SourceTitle "CBM 160 Extra"]
[Source "ChessBase"]
[SourceDate "2014.07.01"]
[SourceVersion "1"]
[SourceVersionDate "2014.07.01"]
[SourceQuality "1"]

1. d4 d5 2. c4 c6 3. Nc3 Nf6 4. Nf3 a6 5. a4 e6 6. e3 c5 7. Be2 Nc6 8. 0-0 Be7 9. cxd5 exd5 10. dxc5 Bxc5 11. Nd4 0-0 12. Nxc6 bxc6 13. Qc2 Qe7 14. a5 Bd6 15. Na4 Bb7 16. Bf3 Nd7 17. g3 Rab8 18. Bg2 Ba8 19. Bd2 Rfe8 20. Bc3 Bb4 21. Rfd1 Rb5 22. Bf1 Rxa5 23. Bxb4 Qxb4 24. Rd4 Qd6 25. Qd2 c5 26. Qxa5 cxd4 27. exd4 Bb7 28. Rc1 Nf6 29. Nc5 Bc8 30. Bxa6 Ng4 31. Re1 Rf8 32. Bxc8 Rxc8 33. Qa6 Qd8 34. b4 h5 35. b5 Rb8 36. Qc6 Kh7 37. Nb7 Qg5 38. Qc2+ g6 39. Qc7 Qf6 40. Rf1 Re8 41. Qc6 Re6 42. Qxd5 Re1 43. Qg2 Rxf1+ 44. Qxf1 Qxd4 45. Qe2 Ne5 46. Nd8 Qd5 47. f4 Nf3+ 48. Kf1 Nd2+ 49. Ke1 Nf3+ 50. Kf1 Nd2+ 1/2-1/2

[Event "VIE-ch U17"]
[Site "Da Lat"]
[Date "2013.07.??"]
[Round "7"]
[White "Che, Quoc Huu"]
[Black "Le, Thanh Tai"]
[Result "1-0"]
[WhiteElo "1990"]
[BlackElo "1944"]
[PlyCount "118"]
[EventDate "2013.07.13"]
[EventType "swiss"]
[EventRounds "9"]
[EventCountry "VIE"]
[SourceTitle "EXT 2014"]
[Source "ChessBase"]
[SourceDate "2013.11.20"]
[SourceVersion "1"]
[SourceVersionDate "2013.11.20"]
[SourceQuality "1"]

1. e4 c5 2. Nf3 d6 3. d4 cxd4 4. Nxd4 Nf6 5. Nc3 g6 6. Be3 Bg7 7. f3 0-0 8. Qd2 Nc6 9. Bc4 Bd7 10. 0-0-0 Rb8 11. Nxc6 bxc6 12. Bxa7 Rb4 13. Bb3 Qa8 14. Be3 Rfb8 15. e5 Ne8 16. exd6 exd6 17. Bh6 d5 18. Bxg7 Nxg7 19. Ne4 Ne8 20. Nc5 Qa7 21. Nd3 R4b7 22. Ne5 Qb6 23. h4 Be6 24. Rhe1 c5 25. c4 d4 26. h5 Ng7 27. g4 f6 28. Nd3 Bf7 29. hxg6 Bxg6 30. Nf4 Kf7 31. Nd5 Qa6 32. Qh6 Ne6 33. Qh4 Ng5 34. Qg3 Ne6 35. Re2 d3 36. Rxe6 Qxe6 37. f4 Qd6 38. Qf3 Kf8 39. f5 Bf7 40. Rxd3 Bxd5 41. Rxd5 Qe7 42. Qf2 Rc7 43. Qd2 Re8 44. Rd6 Qe1+ 45. Bd1 Qxd2+ 46. Kxd2 Ke7 47. Re6+ Kf7 48. Bf3 Rxe6 49. Bd5 Ke7 50. fxe6 Kd6 51. a3 Rg7 52. b4 Ra7 53. b5 Rxa3 54. b6 Rb3 55. b7 Kc7 56. e7 Kd7 57. Bc6+ Kxc6 58. e8Q+ Kxb7 59. Qe7+ Kc6 1-0

[Event "VIE-ch U17"]
[Site "Da Lat"]
[Date "2013.07.??"]
[Round "2"]
[White "Che, Quoc Huu"]
[Black "Le, Thieu Vy"]
[Result "1-0"]
[WhiteElo "1990"]
[BlackElo "1983"]
[PlyCount "83"]
[EventDate "2013.07.13"]
[EventType "swiss"]
[EventRounds "9"]
[EventCountry "VIE"]
[SourceTitle "EXT 2014"]
[Source "ChessBase"]
[SourceDate "2013.11.20"]
[SourceVersion "1"]
[SourceVersionDate "2013.11.20"]
[SourceQuality "1"]

1. e4 c6 2. d4 d5 3. Nc3 dxe4 4. Nxe4 Bf5 5. Ng3 Bg6 6. h4 h6 7. Nf3 Nd7 8. h5 Bh7 9. Bd3 Bxd3 10. Qxd3 Ngf6 11. Bd2 e6 12. 0-0-0 Qc7 13. Qe2 a5 14. Ne5 Nd5 15. Rhe1 N7f6 16. Nf5 0-0-0 17. Ne3 Bb4 18. c3 Bf8 19. Nxd5 cxd5 20. Kb1 Ne4 21. Qf3 Nd6 22. Rc1 a4 23. Qd1 Nc4 24. Bf4 Qb6 25. Nxc4 dxc4 26. Qxa4 Bd6 27. Qxc4+ Kb8 28. Bxd6+ Rxd6 29. Re5 Rc8 30. Qb3 Qc6 31. Rg1 Qa6 32. Rb5 Qc6 33. f3 Qd7 34. a3 Rdc6 35. Re1 f6 36. Ka1 R8c7 37. Ra5 b6 38. Rb5 Rb7 39. d5 exd5 40. Rxd5 Rd6 41. Rxd6 Qxd6 42. Re8+ 1-0

[Event "VIE-ch U17"]
[Site "Da Lat"]
[Date "2013.07.??"]
[Round "9"]
[White "Che, Quoc Huu"]
[Black "Nguyen, Tan Thinh"]
[Result "1/2-1/2"]
[WhiteElo "1990"]
[BlackElo "1935"]
[PlyCount "150"]
[EventDate "2013.07.13"]
[EventType "swiss"]
[EventRounds "9"]
[EventCountry "VIE"]
[SourceTitle "EXT 2014"]
[Source "ChessBase"]
[SourceDate "2013.11.20"]
[SourceVersion "1"]
[SourceVersionDate "2013.11.20"]
[SourceQuality "1"]

1. e4 e5 2. Nf3 Nc6 3. Nc3 Bc5 4. Nxe5 Nxe5 5. d4 Bd6 6. dxe5 Bxe5 7. Qd3 c6 8. f4 Bc7 9. Be3 d6 10. 0-0-0 Qe7 11. f5 Nf6 12. Bf4 d5 13. Bxc7 Qxc7 14. exd5 0-0 15. dxc6 bxc6 16. g3 Rb8 17. h3 Qb6 18. b3 Bb7 19. Bg2 Ba6 20. Qf3 Qa5 21. g4 c5 22. g5 Bb7 23. Qd3 c4 24. bxc4 Bxg2 25. gxf6 Rfd8 26. Nd5 Bxd5 27. Qg3 g6 28. fxg6 hxg6 29. Rxd5 Qxa2 30. Rxd8+ Rxd8 31. Qc3 Rc8 32. Re1 Rxc4 33. Qd3 Qa1+ 34. Kd2 Qa5+ 35. Kd1 Rc8 36. Qd7 Qa1+ 37. Kd2 Qc3+ 38. Ke2 Qxc2+ 39. Kf1 Qc4+ 40. Kg1 Qc5+ 41. Kf1 Qc4+ 42. Kg1 Kh7 43. Qxa7 Rc5 44. Qe7 Rg5+ 45. Kh1 Qd5+ 46. Qe4 Qxe4+ 47. Rxe4 Rf5 48. Kg2 Rxf6 49. Kg3 Rb6 50. Re3 Rb4 51. Rd3 Kh6 52. Rc3 Kg5 53. Rd3 f5 54. Ra3 Kh5 55. Ra8 g5 56. Kf3 Rb3+ 57. Kg2 Re3 58. Rh8+ Kg6 59. Ra8 Kf6 60. Ra5 Rd3 61. Rb5 Ke6 62. Ra5 Rd5 63. Ra3 Kf6 64. Ra6+ Ke5 65. Ra2 Rd3 66. Re2+ Kf4 67. Rf2+ Ke4 68. Re2+ Kd4 69. Rf2 f4 70. h4 Rg3+ 71. Kf1 Ke4 72. Re2+ Kf3 73. Rf2+ Ke3 74. Re2+ Kd3 75. hxg5 Rxg5 1/2-1/2

[Event "VIE-ch U17"]
[Site "Da Lat"]
[Date "2013.07.??"]
[Round "1"]
[White "Nguyen, Dang Trong Phuc"]
[Black "Che, Quoc Huu"]
[Result "0-1"]
[WhiteElo "1989"]
[BlackElo "1990"]
[PlyCount "52"]
[EventDate "2013.07.13"]
[EventType "swiss"]
[EventRounds "9"]
[EventCountry "VIE"]
[SourceTitle "EXT 2014"]
[Source "ChessBase"]
[SourceDate "2013.11.20"]
[SourceVersion "1"]
[SourceVersionDate "2013.11.20"]
[SourceQuality "1"]

1. d4 d5 2. c4 c6 3. cxd5 cxd5 4. Nc3 Nf6 5. Bf4 Nc6 6. e3 Qa5 7. Bd3 e6 8. Nge2 Bd7 9. 0-0 a6 10. Qb3 Qb4 11. Qc2 Be7 12. a3 Qa5 13. Bg5 h6 14. Bh4 b5 15. b4 Qb6 16. Rac1 0-0 17. f4 Ng4 18. Bf2 f5 19. h3 Nf6 20. Bh4 Rfc8 21. Bxf6 Bxf6 22. g4 g6 23. gxf5 gxf5 24. Kf2 Bh4+ 25. Ng3 Kh8 26. Rg1 Be8 0-1

[Event "Ho Chi Minh City HD Bank op 3rd"]
[Site "Ho Chi Minh City"]
[Date "2013.03.24"]
[Round "9"]
[White "Che, Quoc Huu"]
[Black "Vo, Thi Kim Phung"]
[Result "1/2-1/2"]
[WhiteElo "1968"]
[BlackElo "2193"]
[PlyCount "129"]
[EventDate "2013.03.19"]
[EventType "swiss"]
[EventRounds "9"]
[EventCountry "VIE"]
[SourceTitle "CBM 153 Extra"]
[Source "ChessBase"]
[SourceDate "2013.04.22"]
[SourceVersion "1"]
[SourceVersionDate "2013.04.22"]
[SourceQuality "1"]

1. e4 c5 2. Nf3 Nc6 3. d4 cxd4 4. Nxd4 Nf6 5. Nc3 d6 6. Bb5 Bd7 7. 0-0 a6 8. Nxc6 Bxc6 9. Bxc6+ bxc6 10. Bg5 Nd7 11. Qd4 Qb6 12. Qxb6 Nxb6 13. a4 a5 14. Rfb1 h6 15. Be3 Nc4 16. b4 Nxe3 17. fxe3 g6 18. b5 Bg7 19. Ra3 Bxc3 20. Rxc3 cxb5 21. Rxb5 Kd7 22. Rb7+ Ke6 23. Rcc7 Rhe8 24. Kf2 Rac8 25. Ke2 Rxc7 26. Rxc7 Rb8 27. Ra7 Rb4 28. Rxa5 Rxe4 29. Kd3 d5 30. Ra8 Kd6 31. a5 Ra4 32. a6 Ra3+ 33. c3 Ra2 34. a7 Ke5 35. g4 e6 36. h3 h5 37. gxh5 gxh5 38. Rh8 Rxa7 39. Rxh5+ f5 40. Rh4 Ra3 41. Rb4 Ra2 42. h4 Ra1 43. Rf4 Rd1+ 44. Ke2 Rc1 45. Kd2 Ra1 46. Kd3 Kd6 47. c4 Ra3+ 48. Ke2 e5 49. Rxf5 dxc4 50. Kf3 Kd5 51. Rf8 Ra6 52. Rd8+ Kc5 53. Rc8+ Kb4 54. Ke4 c3 55. Kxe5 Kb3 56. Kf5 Ra5+ 57. Kg6 Ra6+ 58. Kg7 Ra7+ 59. Kg6 c2 60. h5 Ra8 61. Rxc2 Kxc2 62. h6 Kd3 63. h7 Kxe3 64. Kg7 Ra7+ 65. Kg8 1/2-1/2

[Event "Ho Chi Minh City HD Bank op 3rd"]
[Site "Ho Chi Minh City"]
[Date "2013.03.21"]
[Round "5"]
[White "Che, Quoc Huu"]
[Black "Qiu, Mengjie"]
[Result "1-0"]
[WhiteElo "1968"]
[BlackElo "2115"]
[PlyCount "129"]
[EventDate "2013.03.19"]
[EventType "swiss"]
[EventRounds "9"]
[EventCountry "VIE"]
[SourceTitle "CBM 153 Extra"]
[Source "ChessBase"]
[SourceDate "2013.04.22"]
[SourceVersion "1"]
[SourceVersionDate "2013.04.22"]
[SourceQuality "1"]

1. e4 e5 2. Nf3 Nc6 3. Nc3 Nf6 4. d4 exd4 5. Nxd4 Bb4 6. Nxc6 bxc6 7. Bd3 0-0 8. 0-0 d5 9. exd5 cxd5 10. Bg5 c6 11. Qf3 Bd6 12. Ne2 Be5 13. Rab1 Rb8 14. b3 h6 15. Bf4 Bg4 16. Qe3 Bxf4 17. Qxf4 Qd7 18. Ng3 c5 19. Rfe1 Rb6 20. h3 Be6 21. Re2 c4 22. Bf5 Bxf5 23. Qxf5 Qxf5 24. Nxf5 Ra6 25. c3 Rb8 26. f3 Rab6 27. b4 Kf8 28. Rd1 Re6 29. Kf2 Rbb6 30. a4 h5 31. a5 Rb8 32. Ne3 Rbe8 33. Rde1 h4 34. Nf5 g5 35. Nd4 Rd6 36. Re5 Ne4+ 37. R1xe4 dxe4 38. Rxg5 e3+ 39. Ke2 Rg6 40. Rg4 a6 41. Nf5 Rd8 42. Rxc4 Rxg2+ 43. Kxe3 Re8+ 44. Kf4 Kg8 45. Nxh4 Rh2 46. Kg3 Rc2 47. Nf5 Rd8 48. Nd4 Rc1 49. Kf4 Kg7 50. Ke3 Rh8 51. h4 Re1+ 52. Kd2 Re5 53. Kd3 f5 54. Rc7+ Kf6 55. Rc6+ Kf7 56. Rxa6 Rxh4 57. Rb6 Rh1 58. Rb5 Rxb5 59. Nxb5 Ra1 60. Kd4 Ke6 61. Kc5 Ke5 62. Nd4 Kf4 63. Kb6 Ke5 64. a6 Kd5 65. a7 1-0

[Event "Ho Chi Minh City HD Bank op 3rd"]
[Site "Ho Chi Minh City"]
[Date "2013.03.19"]
[Round "2"]
[White "Zhai, Mo"]
[Black "Che, Quoc Huu"]
[Result "1-0"]
[WhiteElo "2249"]
[BlackElo "1968"]
[PlyCount "43"]
[EventDate "2013.03.19"]
[EventType "swiss"]
[EventRounds "9"]
[EventCountry "VIE"]
[SourceTitle "CBM 153 Extra"]
[Source "ChessBase"]
[SourceDate "2013.04.22"]
[SourceVersion "1"]
[SourceVersionDate "2013.04.22"]
[SourceQuality "1"]

1. e4 c5 2. Nf3 d6 3. d4 cxd4 4. Nxd4 Nf6 5. Nc3 a6 6. Be3 e6 7. g4 e5 8. Nf5 g6 9. g5 gxf5 10. exf5 d5 11. Qf3 Ne4 12. Nxe4 dxe4 13. Qxe4 Qd6 14. Bc4 Nc6 15. Rd1 Qc7 16. Rg1 b5 17. Bd5 Bb7 18. Bb6 Qd7 19. g6 hxg6 20. fxg6 Nd8 21. Bxb7 Qxb7 22. Rxd8+ 1-0